<?xml version="1.0" encoding="UTF-8"?>
<record
    xmlns:xsi="http://www.w3.org/2001/XMLSchema-instance"
    xsi:schemaLocation="http://www.loc.gov/MARC21/slim http://www.loc.gov/standards/marcxml/schema/MARC21slim.xsd"
    xmlns="http://www.loc.gov/MARC21/slim">

  <leader>01069nam a22002777a 4500</leader>
  <controlfield tag="003">NALT</controlfield>
  <controlfield tag="005">20241007132735.0</controlfield>
  <controlfield tag="008">240704b        th ||||| |||| 00| 1 tha d</controlfield>
  <datafield tag="020" ind1=" " ind2=" ">
    <subfield code="a">9786164731554</subfield>
  </datafield>
  <datafield tag="040" ind1=" " ind2=" ">
    <subfield code="a">NALT</subfield>
  </datafield>
  <datafield tag="041" ind1="1" ind2=" ">
    <subfield code="a">tha</subfield>
    <subfield code="h">chi</subfield>
  </datafield>
  <datafield tag="090" ind1=" " ind2=" ">
    <subfield code="a">FIC</subfield>
    <subfield code="b">&#xE2E;569&#xE1A; 2564</subfield>
  </datafield>
  <datafield tag="100" ind1="1" ind2=" ">
    <subfield code="a">&#xE2E;&#xE39;&#xE17;&#xE39; </subfield>
    <subfield code="9">64253</subfield>
  </datafield>
  <datafield tag="245" ind1="1" ind2="0">
    <subfield code="a">Back to 1960 &#xE2B;&#xE25;&#xE1A;&#xE2B;&#xE19;&#xE48;&#xE2D;&#xE22;&#xE41;&#xE21;&#xE48;&#xE08;&#xE30;&#xE40;&#xE14;&#xE34;&#xE19; &#xE40;&#xE25;&#xE48;&#xE21; 6 /</subfield>
    <subfield code="c">HuTu, &#xE40;&#xE02;&#xE35;&#xE22;&#xE19; ; &#xE2B;&#xE49;&#xE2D;&#xE07;&#xE2A;&#xE21;&#xE38;&#xE14;, &#xE41;&#xE1B;&#xE25;.</subfield>
  </datafield>
  <datafield tag="250" ind1=" " ind2=" ">
    <subfield code="a">&#xE1E;&#xE34;&#xE21;&#xE1E;&#xE4C;&#xE04;&#xE23;&#xE31;&#xE49;&#xE07;&#xE17;&#xE35;&#xE48; 1.</subfield>
  </datafield>
  <datafield tag="260" ind1=" " ind2=" ">
    <subfield code="a">&#xE2A;&#xE21;&#xE38;&#xE17;&#xE23;&#xE2A;&#xE32;&#xE04;&#xE23; :</subfield>
    <subfield code="b">&#xE2B;&#xE49;&#xE2D;&#xE07;&#xE2A;&#xE21;&#xE38;&#xE14;&#xE14;&#xE2D;&#xE15;&#xE04;&#xE2D;&#xE21;,</subfield>
    <subfield code="c">2564.</subfield>
  </datafield>
  <datafield tag="300" ind1=" " ind2=" ">
    <subfield code="a">390 &#xE2B;&#xE19;&#xE49;&#xE32; ;</subfield>
    <subfield code="c">21 &#xE0B;&#xE21;.</subfield>
  </datafield>
  <datafield tag="650" ind1=" " ind2="4">
    <subfield code="a">&#xE19;&#xE27;&#xE19;&#xE34;&#xE22;&#xE32;&#xE22;&#xE08;&#xE35;&#xE19;</subfield>
    <subfield code="9">6389</subfield>
  </datafield>
  <datafield tag="700" ind1="1" ind2=" ">
    <subfield code="a">HuTu</subfield>
    <subfield code="9">64250</subfield>
  </datafield>
  <datafield tag="710" ind1="2" ind2=" ">
    <subfield code="a">&#xE2B;&#xE49;&#xE2D;&#xE07;&#xE2A;&#xE21;&#xE38;&#xE14;</subfield>
    <subfield code="9">64254</subfield>
  </datafield>
  <datafield tag="942" ind1=" " ind2=" ">
    <subfield code="c">FIC</subfield>
    <subfield code="2">local</subfield>
  </datafield>
  <datafield tag="996" ind1=" " ind2=" ">
    <subfield code="a">chunbijaya.r</subfield>
    <subfield code="b">CATSTF	</subfield>
    <subfield code="c">2024-07-04</subfield>
  </datafield>
  <datafield tag="996" ind1=" " ind2=" ">
    <subfield code="a">saiphon.d</subfield>
    <subfield code="b">CATSTF	</subfield>
    <subfield code="c">2024-07-05</subfield>
  </datafield>
  <datafield tag="999" ind1=" " ind2=" ">
    <subfield code="c">105474</subfield>
    <subfield code="d">105474</subfield>
  </datafield>
  <datafield tag="998" ind1=" " ind2=" ">
    <subfield code="j">8</subfield>
    <subfield code="k"> &#xE19;&#xE32;&#xE22;&#xE1A;&#xE31;&#xE13;&#xE11;&#xE34;&#xE15;  &#xE2D;&#xE38;&#xE17;&#xE32;&#xE27;&#xE07;&#xE04;&#xE4C;</subfield>
  </datafield>
  <datafield tag="952" ind1=" " ind2=" ">
    <subfield code="0">0</subfield>
    <subfield code="1">0</subfield>
    <subfield code="2">local</subfield>
    <subfield code="4">0</subfield>
    <subfield code="7">0</subfield>
    <subfield code="8">CFICSHT</subfield>
    <subfield code="a">NALT</subfield>
    <subfield code="b">NALT</subfield>
    <subfield code="c">FICSHT</subfield>
    <subfield code="d">2024-07-04</subfield>
    <subfield code="l">4</subfield>
    <subfield code="m">3</subfield>
    <subfield code="o">FIC &#xE2E;569&#xE1A; 2564 &#xE25;.6</subfield>
    <subfield code="p">3961214276</subfield>
    <subfield code="r">2024-10-15 00:00:00</subfield>
    <subfield code="s">2024-10-07</subfield>
    <subfield code="w">2024-07-04</subfield>
    <subfield code="y">FIC</subfield>
  </datafield>
</record>
